Score 0/29 Timer 03:00
3 Plays Today
Clue 4-Letter Word % Correct
• Trump's 2016 slogan: '___ America Great Again' ••MAKE•
99.1%
Female horseMARE
94.8%
Move liquid from one container to anotherPOUR
90.6%
• Fame means seeing '___ name in lights' ••YOUR•
89.5%
Planet Earth has an inner and outer thisCORE
86.6%
A golfer's outcry after hitting the ballFORE
85.1%
• Nirvana song: '___ as You Are' ••COME•
84.8%
To mopePOUT
83.6%
Billy Idol: 'With a rebel yell, she cried, ___, ___, ___'MORE
83.4%
Ripped to shreds TORE
82.9%
An immensely large bookTOME
80.2%
Pace slightly slower than a gallopTROT
79.2%
Soldiers' semi-permanent encampmentFORT
78.6%
Nail up a public noticePOST
76.4%
• Factually correct ••TRUE•
75.3%
Clue 4-Letter Word % Correct
Noise made by a train's or ship's whistlesTOOT
74.4%
Classy or refinedPOSH
71.2%
Third Commandment alternative, 'Oh my ___'GOSH
71.1%
A time long agoYORE
71%
• An expressed desire ••WISH•
70.5%
Adorned WORE
69.8%
Teenage Mutant Ninja Turtles' enemies: 'The ___ Clan'FOOT
69.7%
English house of Richard IIIYORK
69.1%
Early-2000s HBO show about Baltimore: 'The ___' WIRE
66.5%
Nickname for Red Sox World Series 1B KevinYOUK
66.3%
Informational and learnedWISE
65.2%
Star of many D.W. Griffith silent films LillianGISH
64.7%
'Arbor' in LatinTREE
54.8%
A prefigure for the amount of waste lost in shipping transitTRET
49.9%

Today's Daily Dose

Remove Ads.
Support Sporcle.
Get the best of Sporcle when you Go Orange. This ad-free experience offers more features, more stats, and more fun while also helping to support Sporcle. Thank you for becoming a member.

You're not logged in!

Compare scores with friends on all Sporcle quizzes.
OR
Log In

Show Comments

Extras

Top Quizzes Today


Score Distribution

Your Account Isn't Verified!

In order to create a playlist on Sporcle, you need to verify the email address you used during registration. Go to your Sporcle Settings to finish the process.

Report this User

Report this user for behavior that violates our Community Guidelines.

Details: